Micro Economics (Record no. 11160)
[ view plain ]
| 000 -LEADER | |
|---|---|
| fixed length control field | 00434nam a22001697a 4500 |
| 003 - CONTROL NUMBER IDENTIFIER | |
| control field | OSt |
| 008 - FIXED-LENGTH DATA ELEMENTS--GENERAL INFORMATION | |
| fixed length control field | 220418b ||||| |||| 00| 0 eng d |
| 020 ## - INTERNATIONAL STANDARD BOOK NUMBER | |
| International Standard Book Number | 9789387601901 |
| 082 ## - DEWEY DECIMAL CLASSIFICATION NUMBER | |
| Classification number | 339 SEM |
| 100 ## - MAIN ENTRY--PERSONAL NAME | |
| Personal name | SETH, M.L. |
| 245 ## - TITLE STATEMENT | |
| Title | Micro Economics |
| 250 ## - EDITION STATEMENT | |
| Edition statement | 27 Reprint |
| 260 ## - PUBLICATION, DISTRIBUTION, ETC. (IMPRINT) | |
| Place of publication, distribution, etc | Agra |
| Name of publisher, distributor, etc | Lakshmi Narain Agarwal, Educational Publishers |
| Date of publication, distribution, etc | 2019-20 |
| 300 ## - PHYSICAL DESCRIPTION | |
| Extent | 566 |
| 650 ## - SUBJECT ADDED ENTRY--TOPICAL TERM | |
| Topical term or geographic name as entry element | Micro Economics (Economics) |
| 942 ## - ADDED ENTRY ELEMENTS (KOHA) | |
| Source of classification or shelving scheme | Dewey Decimal Classification |
| Koha item type | Text Books |
| 942 ## - ADDED ENTRY ELEMENTS (KOHA) | |
| -- | 12 |
| Withdrawn status | Lost status | Source of classification or shelving scheme | Damaged status | Not for loan | Collection code | Home library | Current library | Date acquired | Source of acquisition | Currency | Cost, normal purchase price | Bill Number | Total Checkouts | Full call number | Acc. no. / Barcode | Date last seen | Date last borrowed | Actual Cost, discounted price | Bill Date | Koha item type |
|---|---|---|---|---|---|---|---|---|---|---|---|---|---|---|---|---|---|---|---|---|
| Dewey Decimal Classification | B.A Economics | PIET NCR College Library | PIET NCR College Library | 18/04/2022 | Kirti Prakashan | Indian Rup | 540.00 | IN62 | 5 | 339 SEM | N2377 | 04/03/2023 | 20/02/2023 | 459.00 | 18/04/2022 | Text Books | ||||
| Dewey Decimal Classification | B.A Economics | PIET NCR College Library | PIET NCR College Library | 18/04/2022 | Kirti Prakashan | Indian Rup | 540.00 | IN62 | 4 | 339 SEM | N2378 | 23/12/2023 | 16/11/2023 | 459.00 | 18/04/2022 | Text Books | ||||
| Dewey Decimal Classification | B.A Economics | PIET NCR College Library | PIET NCR College Library | 18/04/2022 | Kirti Prakashan | Indian Rup | 540.00 | IN62 | 2 | 339 SEM | N2379 | 06/12/2023 | 04/01/2023 | 459.00 | 18/04/2022 | Text Books | ||||
| Dewey Decimal Classification | B.A Economics | PIET NCR College Library | PIET NCR College Library | 18/04/2022 | Kirti Prakashan | Indian Rup | 540.00 | IN62 | 1 | 339 SEM | N2380 | 13/12/2022 | 28/11/2022 | 459.00 | 18/04/2022 | Text Books | ||||
| Dewey Decimal Classification | B.A Economics | PIET NCR College Library | PIET NCR College Library | 18/04/2022 | Kirti Prakashan | Indian Rup | 540.00 | IN62 | 1 | 339 SEM | N2381 | 29/11/2022 | 15/11/2022 | 459.00 | 18/04/2022 | Text Books |